|
|
|
|
| LEADER |
00000nam0a2200000 4500 |
| 001 |
325910 |
| 005 |
20231102003816.0 |
| 035 |
|
|
|a (RuTPU)RU\TPU\book\351526
|
| 090 |
|
|
|a 325910
|
| 100 |
|
|
|a 20161214d1937 m y0rusy50 ca
|
| 101 |
0 |
|
|a rus
|
| 102 |
|
|
|a RU
|
| 105 |
|
|
|a a z 000zb
|
| 200 |
1 |
|
|a Фрэд Эллис
|f А. Дурус
|
| 210 |
|
|
|a Москва
|a Ленинград
|c Искусство
|d 1937
|
| 215 |
|
|
|a 42 с.
|c ил.
|
| 600 |
|
1 |
|a Эллис
|b Ф.
|c американский график-карикатурист
|f 1886-1965
|g Фрэд (Фред)
|2 stltpush
|3 (RuTPU)RU\TPU\pers\46143
|
| 606 |
1 |
|
|a Художники
|2 stltpush
|3 (RuTPU)RU\TPU\subj\17691
|9 43265
|
| 610 |
1 |
|
|a карикатура
|
| 610 |
1 |
|
|a графика
|
| 610 |
1 |
|
|a Америка
|
| 610 |
1 |
|
|a 20 век
|
| 610 |
1 |
|
|a биографии
|
| 675 |
|
|
|a 7.071
|v 4
|
| 700 |
|
1 |
|a Дурус
|b А.
|
| 801 |
|
1 |
|a RU
|b 63413507
|c 20161214
|
| 801 |
|
2 |
|a RU
|b 63413507
|c 20200218
|g RCR
|
| 942 |
|
|
|c BK
|